<?xml version="1.0" encoding="UTF-8"?>
<record
    xmlns:xsi="http://www.w3.org/2001/XMLSchema-instance"
    xsi:schemaLocation="http://www.loc.gov/MARC21/slim http://www.loc.gov/standards/marcxml/schema/MARC21slim.xsd"
    xmlns="http://www.loc.gov/MARC21/slim">

  <leader>05717namaa22004451i 4500</leader>
  <controlfield tag="003">EG-GICUC</controlfield>
  <controlfield tag="005">20260412104721.0</controlfield>
  <controlfield tag="008">260315s2025    ua a|||frm||| 000 0 eng d</controlfield>
  <datafield tag="040" ind1=" " ind2=" ">
    <subfield code="a">EG-GICUC</subfield>
    <subfield code="b">eng</subfield>
    <subfield code="c">EG-GICUC</subfield>
    <subfield code="d">EG-GICUC</subfield>
    <subfield code="e">rda</subfield>
  </datafield>
  <datafield tag="041" ind1="0" ind2=" ">
    <subfield code="a">eng</subfield>
    <subfield code="b">eng</subfield>
    <subfield code="b">ara</subfield>
  </datafield>
  <datafield tag="049" ind1=" " ind2=" ">
    <subfield code="a">Deposit</subfield>
  </datafield>
  <datafield tag="082" ind1="0" ind2="4">
    <subfield code="a">595.799</subfield>
  </datafield>
  <datafield tag="092" ind1=" " ind2=" ">
    <subfield code="a">595.799</subfield>
    <subfield code="2">21</subfield>
  </datafield>
  <datafield tag="097" ind1=" " ind2=" ">
    <subfield code="a">M.Sc</subfield>
  </datafield>
  <datafield tag="099" ind1=" " ind2=" ">
    <subfield code="a">Cai01.07.08.M.Sc.2025.Ma.E</subfield>
  </datafield>
  <datafield tag="100" ind1="0" ind2=" ">
    <subfield code="a">Manar Ali Sayed Mansour,</subfield>
    <subfield code="e">preparation.</subfield>
  </datafield>
  <datafield tag="245" ind1="1" ind2="0">
    <subfield code="a">Effect of some factors on the reaults of instrumental insemination of honeybee queens /</subfield>
    <subfield code="c">by Manar Ali Sayed Mansour ; Supervisors Dr. Adel Mahmoud Mazeed, Dr. Mohammed Abdal-wahab Abd-Al-Fattah, Dr. Yasser Essam Elenany,  </subfield>
  </datafield>
  <datafield tag="246" ind1="1" ind2="5">
    <subfield code="a">&#x62A;&#x623;&#x62B;&#x64A;&#x631; &#x628;&#x639;&#x636; &#x627;&#x644;&#x639;&#x648;&#x627;&#x645;&#x644; &#x639;&#x644;&#x649; &#x646;&#x62A;&#x627;&#x626;&#x62C; &#x627;&#x644;&#x62A;&#x644;&#x642;&#x64A;&#x62D; &#x627;&#x644;&#x622;&#x644;&#x649; &#x644;&#x645;&#x644;&#x643;&#x627;&#x62A; &#x646;&#x62D;&#x644; &#x627;&#x644;&#x639;&#x633;&#x644; </subfield>
  </datafield>
  <datafield tag="264" ind1=" " ind2="0">
    <subfield code="c">2025.</subfield>
  </datafield>
  <datafield tag="300" ind1=" " ind2=" ">
    <subfield code="a">74 pages : </subfield>
    <subfield code="b">illustrations ; </subfield>
    <subfield code="c">25 cm. + </subfield>
    <subfield code="e">CD.</subfield>
  </datafield>
  <datafield tag="336" ind1=" " ind2=" ">
    <subfield code="a">text</subfield>
    <subfield code="2">rda content</subfield>
  </datafield>
  <datafield tag="337" ind1=" " ind2=" ">
    <subfield code="a">Unmediated</subfield>
    <subfield code="2">rdamedia</subfield>
  </datafield>
  <datafield tag="338" ind1=" " ind2=" ">
    <subfield code="a">volume</subfield>
    <subfield code="2">rdacarrier</subfield>
  </datafield>
  <datafield tag="502" ind1=" " ind2=" ">
    <subfield code="a">Thesis (M.Sc)-Cairo University, 2025.</subfield>
  </datafield>
  <datafield tag="504" ind1=" " ind2=" ">
    <subfield code="a">Bibliography: pages 63-74.</subfield>
  </datafield>
  <datafield tag="520" ind1=" " ind2="3">
    <subfield code="a">The present study was carried out in the apiary yard of the Faculty of Agricultural, Cairo 
University, Giza, aiming to detect the suitable conditions with respect to colony&#x2019;s queen state and 
drones age (1-3 &amp; 7-9 &amp; 12-14 &amp; 21-23 days old) for obtaining maximum values of some 
reproductive characteristics of honeybee drones. In addition, to detect the suitable method for 
introducing honeybee queens after instrumental insemination for obtaining high number of sperms in 
the spermatheca combined with minimum residues of semen in the lateral oviducts. The results 
showed that the number of spermatozoa in drones significantly decreased with advancing age. It was 
also found that the number of spermatozoa in drones raised in the presence of a queen was 
significantly higher than those raised in the absence of a queen, regardless of the ages of the drones 
raised. The results also clarified that the volume of semen in drones raised in the presence of the 
queen was greater than the volume of semen in drones raised in the absence of the queen. The results 
also showed that the percentage of mature drones producing semen was significantly higher when 
reared in the presence of the queen compared to those reared in the absence of the queen. In addition, 
the instrumentally inseminated queens being placed under semi-spherical screen cages with 15 
workers showed significant decrease in the number of sperms in the spermatheca in comparison with 
the other treatments. Also, the results showed that the number of sperms in the spermathecae of the 
queens placed under semi-spherical queen excluder cages or introduced in mini nuclei was 
significantly higher than that of the queens introduced under semi-spherical screen cages with 15 
workers. The results also showed that the highest number of spermatozoa was found in the 
spermatheca of queens that were instrumentally inseminated and placed in mating nuclei. In addition, 
the results indicated that the number of spermatozoa in the spermatheca of queens that were naturally 
mated was slightly fewer than the number of spermatozoa in the spermatheca of queens that were 
instrumentally inseminated and placed in mating nuclei, or under semispherical queen excluder 
cages. but these differences were not significant. In contrast, the number of sperm retained in the 
lateral oviducts of the instrumentally inseminated queens was significantly higher in queens 
introduced under semi-spherical screen cages with 15 workers than those introduced under 
semispherical queen excluder cages, or in mating nuclei. </subfield>
  </datafield>
  <datafield tag="520" ind1=" " ind2="3">
    <subfield code="a">&#x627;&#x644;&#x62F;&#x631;&#x627;&#x633;&#x629; &#x646;&#x64F;&#x641;&#x630;&#x62A; &#x641;&#x64A; &#x645;&#x646;&#x62D;&#x644; &#x643;&#x644;&#x64A;&#x629; &#x627;&#x644;&#x632;&#x631;&#x627;&#x639;&#x629; &#x2013; &#x62C;&#x627;&#x645;&#x639;&#x629; &#x627;&#x644;&#x642;&#x627;&#x647;&#x631;&#x629; &#x644;&#x628;&#x62D;&#x62B; &#x62A;&#x623;&#x62B;&#x64A;&#x631; &#x639;&#x645;&#x631; &#x627;&#x644;&#x630;&#x643;&#x648;&#x631; &#x648;&#x62D;&#x627;&#x644;&#x629; &#x627;&#x644;&#x637;&#x627;&#x626;&#x641;&#x629; &#x639;&#x644;&#x649; &#x627;&#x644;&#x62E;&#x635;&#x627;&#x626;&#x635; &#x627;&#x644;&#x62A;&#x646;&#x627;&#x633;&#x644;&#x64A;&#x629;.&#x627;&#x646;&#x62E;&#x641;&#x636; &#x639;&#x62F;&#x62F; &#x627;&#x644;&#x62D;&#x64A;&#x648;&#x627;&#x646;&#x627;&#x62A; &#x627;&#x644;&#x645;&#x646;&#x648;&#x64A;&#x629; &#x641;&#x64A; &#x627;&#x644;&#x630;&#x643;&#x648;&#x631; &#x645;&#x639; &#x627;&#x644;&#x62A;&#x642;&#x62F;&#x645; &#x641;&#x64A; &#x627;&#x644;&#x639;&#x645;&#x631;.
&#x643;&#x627;&#x646; &#x639;&#x62F;&#x62F; &#x627;&#x644;&#x62D;&#x64A;&#x648;&#x627;&#x646;&#x627;&#x62A; &#x627;&#x644;&#x645;&#x646;&#x648;&#x64A;&#x629; &#x648;&#x62D;&#x62C;&#x645; &#x627;&#x644;&#x633;&#x627;&#x626;&#x644; &#x627;&#x644;&#x645;&#x646;&#x648;&#x64A; &#x623;&#x639;&#x644;&#x649; &#x639;&#x646;&#x62F; &#x62A;&#x631;&#x628;&#x64A;&#x629; &#x627;&#x644;&#x630;&#x643;&#x648;&#x631; &#x628;&#x648;&#x62C;&#x648;&#x62F; &#x627;&#x644;&#x645;&#x644;&#x643;&#x629; &#x645;&#x642;&#x627;&#x631;&#x646;&#x629; &#x628;&#x63A;&#x64A;&#x627;&#x628;&#x647;&#x627;.&#x627;&#x632;&#x62F;&#x627;&#x62F;&#x62A; &#x646;&#x633;&#x628;&#x629; &#x627;&#x644;&#x630;&#x643;&#x648;&#x631; &#x627;&#x644;&#x646;&#x627;&#x636;&#x62C;&#x629; &#x627;&#x644;&#x645;&#x646;&#x62A;&#x62C;&#x629; &#x644;&#x644;&#x633;&#x627;&#x626;&#x644; &#x627;&#x644;&#x645;&#x646;&#x648;&#x64A; &#x628;&#x648;&#x62C;&#x648;&#x62F; &#x627;&#x644;&#x645;&#x644;&#x643;&#x629;.
&#x627;&#x646;&#x62E;&#x641;&#x636; &#x639;&#x62F;&#x62F; &#x627;&#x644;&#x62D;&#x64A;&#x648;&#x627;&#x646;&#x627;&#x62A; &#x627;&#x644;&#x645;&#x646;&#x648;&#x64A;&#x629; &#x641;&#x64A; &#x62D;&#x648;&#x635;&#x644;&#x629; &#x627;&#x644;&#x645;&#x644;&#x643;&#x627;&#x62A; &#x627;&#x644;&#x645;&#x644;&#x642;&#x62D;&#x629; &#x622;&#x644;&#x64A;&#x64B;&#x627; &#x62A;&#x62D;&#x62A; &#x623;&#x642;&#x641;&#x627;&#x635; &#x633;&#x644;&#x643;&#x64A;&#x629; &#x646;&#x635;&#x641; &#x643;&#x631;&#x648;&#x64A;&#x629; &#x645;&#x639; 15 &#x634;&#x63A;&#x627;&#x644;&#x629;.&#x627;&#x631;&#x62A;&#x641;&#x639; &#x627;&#x644;&#x639;&#x62F;&#x62F; &#x639;&#x646;&#x62F; &#x625;&#x62F;&#x62E;&#x627;&#x644; &#x627;&#x644;&#x645;&#x644;&#x643;&#x627;&#x62A; &#x641;&#x64A; &#x646;&#x648;&#x64A;&#x627;&#x62A; &#x627;&#x644;&#x62A;&#x632;&#x627;&#x648;&#x62C; &#x623;&#x648; &#x62A;&#x62D;&#x62A; &#x623;&#x642;&#x641;&#x627;&#x635; &#x645;&#x627;&#x646;&#x639;&#x629; &#x644;&#x644;&#x645;&#x644;&#x643;&#x629;.&#x623;&#x639;&#x644;&#x649; &#x627;&#x644;&#x642;&#x64A;&#x645; &#x633;&#x64F;&#x62C;&#x644;&#x62A; &#x644;&#x644;&#x645;&#x644;&#x643;&#x627;&#x62A; &#x627;&#x644;&#x645;&#x644;&#x642;&#x62D;&#x629; &#x622;&#x644;&#x64A;&#x64B;&#x627; &#x648;&#x627;&#x644;&#x645;&#x642;&#x62F;&#x645;&#x629; &#x641;&#x64A; &#x646;&#x648;&#x64A;&#x627;&#x62A; &#x627;&#x644;&#x62A;&#x632;&#x627;&#x648;&#x62C;&#x60C; &#x628;&#x64A;&#x646;&#x645;&#x627; &#x638;&#x647;&#x631;&#x62A; &#x628;&#x642;&#x627;&#x64A;&#x627; &#x645;&#x646;&#x648;&#x64A;&#x629; &#x623;&#x643;&#x628;&#x631; &#x641;&#x64A; &#x627;&#x644;&#x642;&#x646;&#x648;&#x627;&#x62A; &#x627;&#x644;&#x62C;&#x627;&#x646;&#x628;&#x64A;&#x629; &#x639;&#x646;&#x62F; &#x627;&#x633;&#x62A;&#x62E;&#x62F;&#x627;&#x645; &#x627;&#x644;&#x623;&#x642;&#x641;&#x627;&#x635; &#x627;&#x644;&#x633;&#x644;&#x643;&#x64A;&#x629;.</subfield>
  </datafield>
  <datafield tag="530" ind1=" " ind2=" ">
    <subfield code="a">Issues also as CD.</subfield>
  </datafield>
  <datafield tag="546" ind1=" " ind2=" ">
    <subfield code="a">Text in English and abstract in Arabic &amp; English.</subfield>
  </datafield>
  <datafield tag="650" ind1=" " ind2="0">
    <subfield code="a">Honeybee</subfield>
  </datafield>
  <datafield tag="650" ind1=" " ind2="0">
    <subfield code="a">&#x646;&#x62D;&#x644; &#x627;&#x644;&#x639;&#x633;&#x644; </subfield>
  </datafield>
  <datafield tag="653" ind1=" " ind2="1">
    <subfield code="a">Apis Mellifera</subfield>
    <subfield code="a">Drones</subfield>
    <subfield code="a"> Reproductive Characteristics</subfield>
    <subfield code="a">Instrumental Insemination</subfield>
    <subfield code="a">Semi- Spherical Queen Excluder Cage</subfield>
    <subfield code="a">Mini Nuclei</subfield>
    <subfield code="a">Semen Residues</subfield>
  </datafield>
  <datafield tag="700" ind1="0" ind2=" ">
    <subfield code="a">Adel Mahmoud Mazeed</subfield>
    <subfield code="e">thesis advisor.</subfield>
  </datafield>
  <datafield tag="700" ind1="0" ind2=" ">
    <subfield code="a">Mohammed Abdal-wahab Abd-Al-Fattah</subfield>
    <subfield code="e">thesis advisor.</subfield>
  </datafield>
  <datafield tag="700" ind1="0" ind2=" ">
    <subfield code="a">Yasser Essam Elenany</subfield>
    <subfield code="e">thesis advisor.</subfield>
  </datafield>
  <datafield tag="900" ind1=" " ind2=" ">
    <subfield code="b">01-01-2025</subfield>
    <subfield code="c">Adel Mahmoud Mazeed</subfield>
    <subfield code="c">Mohammed Abdal-wahab Abd-Al-Fattah</subfield>
    <subfield code="c">Yasser Essam Elenany</subfield>
    <subfield code="U">Cairo University</subfield>
    <subfield code="F">Faculty of Agriculture</subfield>
    <subfield code="D">Department of Economic Entomology and Pesticides</subfield>
  </datafield>
  <datafield tag="905" ind1=" " ind2=" ">
    <subfield code="a">Shimaa</subfield>
    <subfield code="e">Eman Ghareb</subfield>
  </datafield>
  <datafield tag="942" ind1=" " ind2=" ">
    <subfield code="2">ddc</subfield>
    <subfield code="c">TH</subfield>
    <subfield code="e">21</subfield>
    <subfield code="n">0</subfield>
  </datafield>
  <datafield tag="999" ind1=" " ind2=" ">
    <subfield code="c">179055</subfield>
  </datafield>
  <datafield tag="952" ind1=" " ind2=" ">
    <subfield code="2">ddc</subfield>
    <subfield code="9">315771</subfield>
    <subfield code="a">CUCL</subfield>
    <subfield code="b">cl210</subfield>
    <subfield code="d">2026-03-15</subfield>
    <subfield code="i">93590</subfield>
    <subfield code="o">Cai01.07.08.M.Sc.2025.Ma.E</subfield>
    <subfield code="p">01010110093590000</subfield>
    <subfield code="r">2026-03-15 20:24:07</subfield>
    <subfield code="w">2026-03-15</subfield>
    <subfield code="y">TH</subfield>
  </datafield>
</record>
